Loading...
New Palgrave dictionary of economics: vol.1 (A to D)
| Andre forfattere: | |
|---|---|
| Format: | Printed Book |
| Udgivet: |
New York
Macmillan
.
|
| Fag: |
| LEADER | 00442cam a2200133ua 4500 | ||
|---|---|---|---|
| 082 | |a 330.03 |b NEW.1 R | ||
| 245 | 0 | 0 | |a New Palgrave dictionary of economics: vol.1 (A to D) |
| 260 | |a New York |b Macmillan |c . | ||
| 300 | |a xxi,949p. | ||
| 650 | 0 | |a Economics- Dictionaries | |
| 700 | |a Eatwell, John | ||
| 942 | |c REF | ||
| 999 | |c 10080 |d 10080 | ||
| 952 | |0 0 |1 0 |4 0 |6 330_030000000000000_NEW_1_R |7 0 |9 10505 |a KUCL |b KUCL |d 2014-05-23 |l 0 |o 330.03 NEW.1 R |p 03426 |r 2017-03-10 |y REF | ||